R. G. Collingwood : (Record no. 124650)
[ view plain ]
| 000 -LEADER | |
|---|---|
| fixed length control field | 00908mam a2200289 a 4500 |
| 001 - CONTROL NUMBER | |
| control field | 2158429 |
| 003 - CONTROL NUMBER IDENTIFIER | |
| control field | ARRUPE |
| 005 - DATE AND TIME OF LATEST TRANSACTION | |
| control field | 20160415144416.0 |
| 008 - FIXED-LENGTH DATA ELEMENTS--GENERAL INFORMATION | |
| fixed length control field | 980623s1998 enk b 000 0 eng d |
| 020 ## - INTERNATIONAL STANDARD BOOK NUMBER | |
| International Standard Book Number | 1855065304 (hdbk.) |
| 020 ## - INTERNATIONAL STANDARD BOOK NUMBER | |
| International Standard Book Number | 1855065312 (pbk.) |
| 035 ## - SYSTEM CONTROL NUMBER | |
| System control number | (OCoLC)ocm39332387 |
| 035 ## - SYSTEM CONTROL NUMBER | |
| System control number | (NNC)2158429 |
| 040 ## - CATALOGING SOURCE | |
| Original cataloging agency | SNN |
| Transcribing agency | SNN |
| 050 ## - LIBRARY OF CONGRESS CALL NUMBER | |
| Classification number | B1618.C74J64 1998 |
| 300 ## - PHYSICAL DESCRIPTION | |
| Dimensions | 22 cm. |
| 100 1# - MAIN ENTRY--PERSONAL NAME | |
| Personal name | Johnson, Peter, |
| Dates associated with a name | 1943- |
| 9 (RLIN) | 23935 |
| 245 10 - TITLE STATEMENT | |
| Title | R. G. Collingwood : |
| Remainder of title | an introduction / |
| Statement of responsibility, etc | Peter Johnson ; preface by Ray Monk. |
| 260 ## - PUBLICATION, DISTRIBUTION, ETC. (IMPRINT) | |
| Place of publication, distribution, etc | Bristol, England : |
| Name of publisher, distributor, etc | Thoemmes, |
| Date of publication, distribution, etc | 1998. |
| 300 ## - PHYSICAL DESCRIPTION | |
| Extent | xxii, 154 p. ; |
| 490 1# - SERIES STATEMENT | |
| Series statement | Bristol introductions |
| 504 ## - BIBLIOGRAPHY, ETC. NOTE | |
| Bibliography, etc | Includes bibliographical references (p. 149-154). |
| 600 10 - SUBJECT ADDED ENTRY--PERSONAL NAME | |
| Personal name | Collingwood, R. G. |
| Fuller form of name | (Robin George), |
| Dates associated with a name | 1889-1943. |
| 9 (RLIN) | 23936 |
| 700 1# - ADDED ENTRY--PERSONAL NAME | |
| Personal name | Monk, Ray. |
| 9 (RLIN) | 23937 |
| 830 #0 - SERIES ADDED ENTRY--UNIFORM TITLE | |
| Uniform title | Bristol introductions. |
| 9 (RLIN) | 23938 |
| 942 ## - ADDED ENTRY ELEMENTS (KOHA) | |
| Source of classification or shelving scheme | Library of Congress Classification |
| Koha item type | Monograph ( Printed materials) |
| Withdrawn status | Lost status | Source of classification or shelving scheme | Damaged status | Not for loan | Collection code | Home library | Current library | Shelving location | Date acquired | Total Checkouts | Full call number | Barcode | Date last seen | Price effective from | Koha item type |
|---|---|---|---|---|---|---|---|---|---|---|---|---|---|---|---|
| Library of Congress Classification | Main Collection | ARRUPE LIBRARY | ARRUPE LIBRARY | Main Collection | 15/04/2016 | B1618.C74J64 1998 | 46500006914 | 15/04/2016 | 15/04/2016 | Monograph ( Printed materials) |